100 Największych miast w Niemczech na mapie - Statystyki

Ogólne statystyki
  • Ten quiz został rozwiązany 32 razy
  • Średni wynik to 38 z 100
Odpowiedzi na mapie
Odpowiedzi zakodowano w zielono-czerwonej skali na mapie do tego quizu, zgodnie z poniższymi procentami.
 
Statystyki odpowiedzi
Populacja Miasto % Poprawnych
1,841,179 Hamburg
100%
3,644,826 Berlin
96%
569,352 Brema
96%
587,010 Dortmund
96%
753,056 Frankfurt nad Menem
96%
1,471,508 Monachium
96%
634,830 Stuttgart
96%
587,857 Lipsk
92%
554,649 Drezno
88%
1,085,664 Kolonia
88%
518,365 Norymberga
88%
538,068 Hanower
84%
260,654 Gelsenkirchen
80%
583,109 Essen
76%
247,548 Kilonia
76%
619,294 Dusseldorf
72%
178,089 Poczdam
72%
124,151 Wolfsburg
72%
295,135 Augsburg
68%
238,697 Magdeburg
68%
208,886 Rostock
68%
333,786 Bielefeld
64%
247,380 Akwizgran
60%
364,628 Bochum
60%
327,258 Bonn
60%
217,198 Lubeka
60%
163,838 Leverkusen
56%
354,382 Wuppertal
56%
248,292 Brunszwik
52%
247,235 Chemnitz
52%
498,590 Duisburg
52%
111,407 Jena
52%
309,370 Mannheim
52%
217,118 Moguncja
52%
314,319 Münster
52%
180,741 Saarbrücken
52%
126,329 Ulm
52%
100,219 Chociebuż
48%
136,981 Ingolstadt
48%
152,610 Ratyzbona
48%
159,207 Darmstadt
44%
261,454 Mönchengladbach
44%
164,748 Osnabrück
44%
213,699 Erfurt
40%
127,748 Fürth
40%
119,801 Getynga
40%
239,257 Halle
40%
313,092 Karlsruhe
40%
230,241 Fryburg Bryzgowijski
36%
278,342 Wiesbaden
36%
127,880 Würzburg
36%
99,845 Kaiserslautern
32%
201,585 Kassel
32%
168,210 Oldenburg
32%
113,634 Bremerhaven
28%
150,580 Paderborn
28%
110,636 Trewir
28%
89,540 Zwickau
28%
89,504 Flensburg
20%
94,152 Gera
20%
210,829 Oberhausen
20%
159,360 Solingen
20%
114,024 Koblencja
16%
95,818 Schwerin
16%
117,383 Bottrop
12%
188,814 Hagen
12%
179,111 Hamm
12%
160,355 Heidelberg
12%
227,020 Krefeld
12%
128,744 Offenbach
12%
102,836 Siegen
12%
111,966 Bergisch Gladbach
8%
111,962 Erlangen
8%
125,960 Heilbronn
8%
171,061 Ludwigshafen
8%
170,880 Mülheim
8%
125,542 Pforzheim
8%
112,267 Recklinghausen
8%
83,330 Wormacja
8%
90,733 Düren
4%
88,546 Gießen
4%
100,194 Gütersloh
4%
96,023 Hanau
4%
156,374 Herne
4%
101,990 Hildesheim
4%
92,666 Iserlohn
4%
84,760 Konstancja
4%
103,725 Moers
4%
153,796 Neuss
4%
115,966 Reutlingen
4%
90,546 Tybinga
4%
85,181 Villingen-Schwenningen
4%
96,563 Witten
4%
93,542 Esslingen am Neckar
0%
93,499 Ludwigsburg
0%
86,449 Lünen
0%
83,941 Marl
0%
87,297 Ratingen
0%
110,994 Remscheid
0%
104,948 Salzgitter
0%
Nie znaleziono quizów pasujących do podanych kryteriów
Rozkład punktacji
Procent ludzi z każdym wynikiem
Percentyl według liczby udzielonych odpowiedzi
Twoja historia wyników
Nie rozwiązałeś tego quizu